Twilight New Moon Soundtrack Artists - Statistics

General Stats
  • This quiz has been taken 11 times
  • The average score is 7 of 18
Answer Stats
song Artist % Correct
Possibility Lykke Li
80%
Hearing Damage Thom Yorke
80%
I Belong to You ( New Moon Remix) Muse
60%
New Moon ( The Meadow) Alexandre Desplat
40%
Satelitte Heart Anya Marina
40%
Friends Band of Skulls
40%
Meet me on te Equinox Death Cab for Cutie
40%
Monsters Hurricane Bells
40%
Roslyn St Vincent, Bon Iver
40%
A White Demon Love Song The Killers
40%
Done All Wrong Black Rebel Motorcycle Club
30%
No Sound But the Wind Editors
30%
Slow Life Grizzly Bear, Victoria Legrand
30%
Solar Midnite Lupe Fiasco
30%
Shooting the Moon OK Go
30%
The Violent Hour Sea Wolf
30%
Die Fledermaus The APM Orchestra
30%
All I Believe In The Magic Numbers
30%
No matching quizzes found
Score Distribution
Percent of People with Each Score
Percentile by Number Answered
Your Score History
You have not taken this quiz